000 00778 a2200229 4500
003 Nust
005 20170207154053.0
010 _a 2009018605
020 _a9780470500811 (cloth)
040 _cNust
082 0 0 _a658.404
100 1 _aHarold Kerzner, Frank Saladis.
245 1 0 _aWhat executives need to know about project management (E-Book)
_cHarold Kerzner, Frank Saladis.
260 _aHoboken, N.J. :
_bJohn Wiley & Sons, International Institute for Learning,
_cc2009.
300 _axv, 287 p. :
_bill. ;
_c24 cm.
490 0 _aThe IIL/Wiley series in project management
500 _aIncludes index.
650 0 _aManagement.
650 0 _aProject management.
651 _aWhat executives need to know about project management (E-Book)
700 1 _aSaladis, Frank P.
942 _2ddc
_cBK
999 _c193213
_d193213